000 00964nam0a2200301 4500
001 RU\NLR\bibl\491908
005 20260406121610.0
010 _a5-699-03841-8
_99000
021 _aRU
_b2003-65454
_93225
035 _a(NLR Aleph) 000484578
090 _a1075058
_c1075058
100 _a20040217d2003 |||y0rusy50 ca
101 0 _arus
102 _aRU
105 _ay |||||||||
200 1 _aПрекрасна и очень опасна
_e[Роман]
_fЕлена Арсеньева
210 _aМ.
_cЭксмо
_d2003
215 _a379, [1] с.
_d21
225 1 _aДетектив глазами женщины
686 _aШ6(2=Р)75-446
700 1 _4070
_8rus
_7ca
_aАрсеньева
_bЕ. А.
_cписатель
_f1952-
_gЕлена Арсеньевна
_3RU\NLR\auth\77572
_9110618
801 0 _aRU
_bNLR
_c20040217
_gPSBO
801 1 _aRU
_bNLR
_c20040217
942 _cBOOK
980 _aNB